Ribut sebab dan akibat

Bibliographic Details
Main Author: Steele, Philip
Other Authors: Rahemah Ahmad
Format: Book
Published: Petaling Jaya : Penerbit Pan Earth Sdn. Bhd. , 1993
Series:Memerhati Cuaca
Subjects:

MARC

LEADER 00000cam a2200000 7i4500
001 0000058550
005 20020719.0
020 |a 9679569322 
090 0 0 |a 551.55   |b STE 
100 1 |a Steele, Philip 
245 1 0 |a Ribut sebab dan akibat   |c Philip Steele ; penterjemah Rahemah Ahmad 
260 |a Petaling Jaya :   |b Penerbit Pan Earth Sdn. Bhd. ,   |c 1993 
300 |a 32p. :   |b ill. ;   |c 27cm. 
490 0 |a Memerhati Cuaca 
650 0 0 |a Storms   |x Juvenile literature 
650 0 0 |a Weather 
700 0 |a Rahemah Ahmad 
999 |a 038061   |b BUKU   |c JUNIOR REFERENCE   |e PERPUSTAKAAN KOMUNITI PETALING JAYA